Statistics for Who Did That 1990s Song #2

Click here to take the quiz!

General Stats

  • This quiz has been taken 31,032 times
    (31,008 since last reset)
  • The average score is 13 of 24

Answer Stats

Year Song Band or Artist % Correct
1990Ice Ice BabyVanilla Ice
90%
1998Baby One More TimeBritney Spears
88%
1999Livin' La Vida LocaRicky Martin
86%
1992I Will Always Love YouWhitney Houston
85%
1997MMMBopHanson
74%
1993I'd Do Anything for Love
(But I Won't Do That)
Meat Loaf
72%
1994Kiss From a RoseSeal
71%
1990Nothing Compares 2 USinead O'Connor
66%
1995IronicAlanis Morissette
64%
1992Tears in HeavenEric Clapton
63%
1997TubthumpingChumbawamba
57%
1994Gin and JuiceSnoop Dogg
52%
1993The SignAce of Base
50%
1992Friday I'm in LoveThe Cure
49%
1992JeremyPearl Jam
48%
1996Un-Break My HeartToni Braxton
45%
19961979Smashing Pumpkins
37%
1994Undone - The Sweater SongWeezer
35%
1997Walkin' on the SunSmash Mouth
34%
1998Closing TimeSemisonic
31%
1995MacarenaLos del Rio
27%
1998Rosa ParksOutkast
25%
1997Foolish GamesJewel
25%
1990Istanbul
(Not Constantinople)
They Might Be
Giants
18%

Score Distribution

Percentile by Number Answered

Percent of People with Each Score

Your Score History

You have not taken this quiz since the last reset